000 02295cas a22002897a 4500
999 _c325445
_d325445
001 44364
003 UA-OsUOA
005 20191001113135.0
007 ta
008 200702c1983n ||un mr|p||00| 0 ukrcdukr d
022 _a02080710
040 _aUA-OsUOA
_bukr
_cUA-OsUOA
_dUA-OsUOA
041 _aukr
044 _aUA
080 _a82
090 _a82
_bК38
099 _a74257
110 _aЖурнал письменників України. Засновники : Київська міська рада, Національна спілка письменників України
245 _aКиїв
_bлітературно-художній і громадсько-політичний журнал письменників України
_cгол. ред. Баранов В.
260 _aК.
_bВІПОЛ
310 _aщомісяця
520 _aЖурнал «Київ» було створено у 1983 році. Першим його головним редактором став письменник Володимир Дрозд, який очолював видання з 1983 по 1986 рік. Він писав: ”Скажу без перебільшення: колектив, незважаючи на складний період становлення, здійснив подвиг, створивши буквально з нічого один із найцікавіших українських місячників того часу. Звичайно, взірцем „сміливості” ми не були, але за взірець розважливої мудрості цілком могли слугувати – у тих конкретних обставинах, у яких нам випало жити і працювати. Цензура була просто жахлива, а головне – дурна... Наше ж спрямування навіть в мордовських таборах помітив Василь Стус, дуже позитивно відгукнувшись про художній рівень прози на сторінках „Києва”.
650 7 _a82 Література. Літературознавство
_2UDC
942 _cMG
_2udc
955 _a3
962 _d1983